01755nam a2200385Ia 4500001001200000003000800012006001900020007001500039008004100054010001700095020003500112020003800147020001800185040002100203035002100224050002700245082001700272100002700289245020000316260005900516300001600575490003400591490005000625504006600675533015200741650005800893650005700951650006201008655002901070710001701099830003501116830007501151856012601226999001701352ebr10684523CaPaEBRm u cr cn|||||||||101012s2011 ne sb 001 0 eng d z 2010043531 z9004196056 (hbk. : alk. paper) z9789004196056 (hbk. : alk. paper) z9789004202283 aCaPaEBRcCaPaEBR a(OCoLC)80643957414aKJC1564.5b.O57 2011eb04a346.02/22221 aOosterhuis, Janwillem.10aSpecific performance in German, French and Dutch law in the nineteenth centuryh[electronic resource] :bremedies in an age of fundamental rights and industrialisation /cby Janwillem Oosterhuis. aLeiden ;aBoston :bMartins Nijhoff Publishers,c2011. axxi, 635 p.1 aLegal history library ;vv. 41 aStudies in the history of private law ;vv. 2 aIncludes bibliographical references (p. [591]-610) and index. aElectronic reproduction.bPalo Alto, Calif. :cebrary,d2013.nAvailable via World Wide Web.nAccess may be limited to ebrary affiliated libraries. 0aSpecific performancezGermanyxHistoryy19th century. 0aSpecific performancezFrancexHistoryy19th century. 0aSpecific performancezNetherlandsxHistoryy19th century. 7aElectronic books.2local2 aebrary, Inc. 0aLegal history library ;vv. 4. 0aLegal history library.pStudies in the history of private law ;vv. 2.40uhttp://site.ebrary.com/lib/rucke/Doc?id=10684523zAn electronic book accessible through the World Wide Web; click to view c30287d30287